000 00655nam a22001817a 4500
005 20100511111143.0
008 100511t xxu||||| |||| 00| 0 eng d
020 _a8188965480
_c200.00
037 _bPUB
040 _adpl
_bEnglish
100 _aChandiramani, Radhika
245 _aGood times for everyone:
_cby Radhika Chandiramani
_bsexuality questions, feminist answers /
260 _aNew Delhi
_bWomen Unlimited
_c2008
270 _aK-36, Hauz Khas Enclave, Ground Floor,
_bNew Delhi
_e110016
300 _axv, 212p.
_c22cm(pbk)
942 _2ddc
_cEN
_mCHA
999 _c35912
_d35912